Bleacher Report's Top 25 Olympic Gymnasts - Statistics

General Stats
  • This quiz has been taken 215 times
  • The average score is 12 of 25
Answer Stats
Country Answer % Correct
1. Romania Nadia Comaneci
81%
11. United States Mary Lou Retton
77%
15. United States Nastia Liukin
74%
5 USSR Olga Korbut
69%
21. United States Shawn Johnson
68%
13. United States Shannon Miller
67%
4. Russia Svetlana Khorkina
63%
10. United States Gabby Douglas
60%
18. Romania Simona Amanar
55%
23. United States Dominique Dawes
52%
25. Unified Team Tatiana Gutsu
51%
6 USSR/Unified Team/Belarus Svetlana Boginskaya
48%
3. USSR Larisa Latynina
45%
2. Czechoslovakia Vera Caslavska
45%
14. Ukraine Lilia Podkopayeva
43%
9. Romania Daniela Silivas
42%
22. Russia Aliya Mustafina
39%
8. USSR Nellie Kim
35%
12. USSR Yelena Shushunova
34%
17. Romania Lavinia Milosovici
29%
19. Romania Ekaterina Szabo
26%
24. China Mo Huilan
22%
20. Hungary Agnes Keleti
20%
7. USSR Ludmilla Tourischeva
12%
16. USSR Polina Astakhova
8%
No matching quizzes found
Score Distribution
Percent of People with Each Score
Percentile by Number Answered
Your Score History
You have not taken this quiz